Informe anual de la Corte Interamericana de Derechos Humanos: 1985
Uloženo v:
| Korporace: | , |
|---|---|
| Médium: | Kniha |
| Jazyk: | španělština |
| Vydáno: |
Washington, D.C
Secretaria General OEA
1985
|
| Témata: | |
| Tagy: |
Přidat tag
Žádné tagy, Buďte první, kdo vytvoří štítek k tomuto záznamu!
|
MARC
| LEADER | 00000nam a2200000 a 4500 | ||
|---|---|---|---|
| 001 | UCR2953 | ||
| 003 | CL-VaPUC | ||
| 008 | 980116e19850815US |||||||||||||||||spa|d | ||
| 082 | 0 | 4 | |a 323.4 |b OEA |2 21 |
| 110 | 2 | |a OEA |e author |9 401506 | |
| 710 | 2 | |a Organización de los Estados Americanos |e author |9 401507 | |
| 245 | 1 | 0 | |a Informe anual de la Corte Interamericana de Derechos Humanos: 1985 |
| 300 | |a 69 p | ||
| 942 | |c BK | ||
| 945 | |d 19980116 00:00:00 |a crobeson | ||
| 260 | |a Washington, D.C |b Secretaria General OEA |c 1985 | ||
| 600 | 0 | 7 | |a OEA |2 CL-VaPUC |9 401506 |
| 600 | 0 | 7 | |a CORTE INTERAMERICANA DE DERECHOS HUMANOS |2 CL-VaPUC |9 401508 |
| 650 | 0 | |a Derechos humanos |9 223025 | |
| 583 | |a last modification |c 19980116 00:00:00 |k Rodrigo Vera | ||
| 999 | |c 266074 |d 266072 | ||
| 952 | |0 0 |1 0 |4 0 |6 323_400000000000000_OEA_1985 |7 0 |8 A |9 297377 |a BIBDER |b BIBDER |d 2019-11-20 |i 1933140 |o 323.4 OEA 1985 |p 1933140 |r 2023-01-25 |w 2019-11-20 |y BK |k DER | ||